000 00458nam a2200157 a 4500
005 20140412111349.0
008 050422s19uu xx 00 eng d
020 _a0-307-10049-9
050 _aER
_bBa236 1997
100 _aMiller, Mona
245 _aBarbie: freckles /
_cby Mona Miller ; illustrated by S. I. International.
260 _aNew York :
_bA Golden Book,
_c1997.
300 _a1 v. (unp.) ; ill.
650 _aChildren stories
999 _c105278
_d105278